[Event "2nd VAM op"]
[Site "Hoogeveen NED"]
[Date "1998.10.21"]
[Round "6.20"]
[White "Pel, Bonno"]
[Black "De Pender, Paul"]
[Result "0-1"]
[WhiteElo "2175"]
[BlackElo "2175"]
[EventDate "1998.10.16"]
[PlyCount "83"]

1.Nc3 c5 2.Nf3 Nc6 3.d4 cxd4 4.Nxd4 Nf6 5.g3 d5 6.Bg5 a6 7.Bg2 e5 8.Nb3 d4
9.Nd5 Nb4 10.Nxf6+ gxf6 11.Bd2 Bf5 12.O-O Bxc2 13.Qe1 Qb6 14.Rc1 Bf5 15.
Rc4 Nxa2 16.Na5 Rc8 17.Ra4 Be6 18.Qa1 Rc2 19.Rd1 Rxb2 20.Bxb7 Bd6 21.Bc6+ 
Ke7 22.Be4 Rc8 23.Nb7 Rb8 24.Ba5 Qb3 25.Nxd6 Kxd6 26.Rxa2 Qxa2 27.Bxh7 
Qxa1 28.Rxa1 f5 29.Kg2 Bd5+ 30.f3 Rxe2+ 31.Kf1 Rbb2 32.Bb4+ Kc7 33.Rc1+ 
Rec2 34.Ba5+ Kd6 35.Bb4+ Ke6 36.Rxc2 Rxc2 37.g4 Rc1+ 38.Ke2 fxg4 39.fxg4 
Rh1 40.Bf5+ Kf6 41.Kf2 Rxh2+ 42.Kg3 0-1

[Event "2nd VAM op"]
[Site "Hoogeveen NED"]
[Date "1998.10.22"]
[Round "7.1"]
[White "De Pender, Paul"]
[Black "Ernst, Sipke"]
[Result "0-1"]
[WhiteElo "2175"]
[BlackElo "2420"]
[EventDate "1998.10.16"]
[PlyCount "102"]

1.e4 e5 2.Nf3 Nc6 3.Bb5 a6 4.Bxc6 dxc6 5.O-O f6 6.d4 exd4 7.Nxd4 c5 8.Nb3 
Qxd1 9.Rxd1 Bg4 10.f3 Be6 11.Be3 b6 12.a4 a5 13.Bf4 Ra7 14.Na3 c6 15.Nd2 
Ne7 16.Ndc4 Nc8 17.Nd6+ Nxd6 18.Bxd6 Rd7 19.Bxf8 Rxf8 20.Rxd7 Kxd7 21.Rd1+
Ke7 22.b3 Rb8 23.c4 g5 24.g4 h5 25.h3 Bf7 26.Kf2 Ke6 27.Ke3 Rh8 28.Nb1 
hxg4 29.hxg4 Ke7 30.Nd2 Rh2 31.f4 Rh3+ 32.Nf3 Rg3 33.e5 fxe5 34.f5 b5 35.
Ke4 bxc4 36.bxc4 Bxc4 37.Nxg5 Rxg4+ 38.Kxe5 Rxg5 39.Kf4 Rg2 40.Rc1 Bd5 41.
Rxc5 Kf6 42.Rxa5 Re2 43.Ra8 Re4+ 44.Kg3 Kxf5 45.a5 Re3+ 46.Kf2 Ra3 47.Ke2 
Ke4 48.Kd2 Kd4 49.Kc1 Kc3 50.Kb1 Be4+ 51.Kc1 Ra1# 0-1

[Event "2nd VAM op"]
[Site "Hoogeveen NED"]
[Date "1998.10.22"]
[Round "7.5"]
[White "Rantanen, Yrjo"]
[Black "Pel, Bonno"]
[Result "1-0"]
[WhiteElo "2360"]
[BlackElo "2175"]
[EventDate "1998.10.16"]
[PlyCount "88"]

1.e4 d6 2.d4 Nf6 3.Nc3 g6 4.Be3 c6 5.a4 Nbd7 6.h3 Bg7 7.g4 O-O 8.Bg2 e5 9.
Nge2 Nb6 10.b3 Qe7 11.a5 Nbd7 12.O-O Ne8 13.Qd2 Nc7 14.Rad1 Re8 15.f4 Ne6 
16.dxe5 dxe5 17.f5 Nf4 18.Nxf4 exf4 19.Rxf4 Be5 20.Rff1 Bc7 21.Ne2 Qe5 22.
Bd4 Bxa5 23.Qh6 Bb6 24.c3 Bxd4+ 25.cxd4 Qg7 26.Qf4 c5 27.dxc5 Nxc5 28.Rd5 
b6 29.b4 Bb7 30.bxc5 Bxd5 31.exd5 Rxe2 32.d6 Rd8 33.c6 Qb2 34.Bf3 Rc2 35.
c7 Rc8 36.fxg6 hxg6 37.Bd5 R2xc7 38.dxc7 Qc3 39.Bxf7+ Kg7 40.Bd5 Qxc7 41.
Qf6+ Kh7 42.Bg2 Qc5+ 43.Kh1 Rc7 44.Be4 Rg7 1-0

[Event "2nd VAM op"]
[Site "Hoogeveen NED"]
[Date "1998.10.22"]
[Round "7.7"]
[White "Bosch, Jeroen"]
[Black "Sherzer, Alex"]
[Result "0-1"]
[WhiteElo "2480"]
[BlackElo "2470"]
[EventDate "1998.10.16"]
[PlyCount "164"]

1.e4 e5 2.Nf3 Nc6 3.Nc3 Nf6 4.g3 Bc5 5.Bg2 d6 6.d3 O-O 7.Na4 Bb4+ 8.c3 Ba5
9.b4 Bb6 10.O-O h6 11.Bb2 Bd7 12.a3 Ne7 13.Nxb6 axb6 14.c4 Ng6 15.Ne1 b5 
16.Nc2 bxc4 17.dxc4 b5 18.Ne3 bxc4 19.Nxc4 Bg4 20.Qc2 Qd7 21.Ne3 Bh3 22.
Bxh3 Qxh3 23.f3 Qd7 24.a4 c6 25.Kg2 Rfb8 26.Bc3 d5 27.Rfd1 Qe6 28.Be1 Ne7 
29.Rab1 Nc8 30.exd5 cxd5 31.Nxd5 Nxd5 32.Rxd5 Nb6 33.Ra5 Nc4 34.Rxa8 Ne3+ 
35.Kg1 Nxc2 36.Rxb8+ Kh7 37.Bf2 e4 38.fxe4 Qxe4 39.Rf1 Nxb4 40.a5 Nc6 41.
Rb5 Qd3 42.Rb7 f6 43.Bb6 Kg6 44.Rc7 Ne5 45.Rcc1 Qd2 46.Rcd1 Nf3+ 47.Rxf3 
Qxd1+ 48.Rf1 Qa4 49.h3 f5 50.Kh2 Kf6 51.Rf4 Qc2+ 52.Rf2 Qc4 53.Rf4 Qd5 54.
Rf2 Qc4 55.Rf4 Qd3 56.Bd4+ Kf7 57.Bb6 g5 58.Rf2 Ke6 59.Kg2 Qc4 60.Rf1 Qe2+
61.Rf2 Qe4+ 62.Kh2 Qc4 63.Kg2 h5 64.Kh2 f4 65.gxf4 gxf4 66.Kg2 Ke5 67.Rf3 
Ke4 68.Rf2 h4 69.Kh2 f3 70.Bd8 Ke5 71.Bg5 Kf5 72.Bxh4 Qxh4 73.Rxf3+ Ke4 
74.Rg3 Qf4 75.a6 Qc7 76.Kg2 Qb6 77.Rg4+ Ke3 78.Rg3+ Ke2 79.Rg4 Qxa6 80.Kg3
Qd6+ 81.Kh4 Qf6+ 82.Kg3 Qf2# 0-1

[Event "2nd VAM op"]
[Site "Hoogeveen NED"]
[Date "1998.10.22"]
[Round "7.8"]
[White "Jonitz, Jens"]
[Black "Hartoch, Robert G"]
[Result "1/2-1/2"]
[WhiteElo "2160"]
[BlackElo "2315"]
[EventDate "1998.10.16"]
[PlyCount "21"]

1.e4 g6 2.d4 Bg7 3.c4 Nc6 4.Nf3 d6 5.Be3 Bg4 6.Be2 e5 7.d5 Bxf3 8.Bxf3 Nd4
9.O-O Ne7 10.Nc3 O-O 11.g3 1/2-1/2

[Event "2nd VAM op"]
[Site "Hoogeveen NED"]
[Date "1998.10.22"]
[Round "7.11"]
[White "Azadmanesh, Moosa"]
[Black "Tindall, Brett"]
[Result "1/2-1/2"]
[WhiteElo "2150"]
[BlackElo "2275"]
[EventDate "1998.10.16"]
[PlyCount "89"]

1.e4 c5 2.Nf3 Nc6 3.d4 cxd4 4.Nxd4 Nf6 5.Nc3 e5 6.Ndb5 d6 7.Bg5 a6 8.Na3 
Be7 9.Bxf6 gxf6 10.Nc4 f5 11.exf5 Bxf5 12.Nd5 b5 13.Nxe7 Kxe7 14.Ne3 Qa5+ 
15.c3 Be6 16.Bd3 d5 17.O-O Rad8 18.Nf5+ Bxf5 19.Bxf5 h5 20.Qf3 Qa4 21.b4 
Rd6 22.Rfd1 Qa3 23.Qe3 d4 24.Qe4 d3 25.Rxd3 Rxd3 26.Qxd3 Rd8 27.Qe3 Qb2 
28.Qc5+ Kf6 29.Qxc6+ Kxf5 30.Re1 f6 31.Qf3+ Ke6 32.Qc6+ Ke7 33.Qc5+ Ke6 
34.f4 Qd2 35.Rf1 exf4 36.Qxh5 Rg8 37.Qf3 Ke5 38.Rf2 Qe1+ 39.Rf1 Qe3+ 40.
Kh1 Qxf3 41.Rxf3 Rd8 42.h4 Kf5 43.Rh3 Kg6 44.Kg1 Rd2 45.a3 1/2-1/2

[Event "2nd VAM op"]
[Site "Hoogeveen NED"]
[Date "1998.10.22"]
[Round "7.16"]
[White "Gofshtein, Leonid D"]
[Black "Van der Weide, Karel"]
[Result "0-1"]
[WhiteElo "2500"]
[BlackElo "2490"]
[EventDate "1998.10.16"]
[PlyCount "122"]

1.d4 Nf6 2.c4 c5 3.d5 b5 4.Nf3 g6 5.Qc2 bxc4 6.e4 Ba6 7.Nc3 d6 8.e5 dxe5 
9.Nxe5 Bg7 10.Qa4+ Nfd7 11.Bf4 O-O 12.Nc6 Qb6 13.O-O-O Nxc6 14.dxc6 Ne5 
15.c7 Nd3+ 16.Bxd3 cxd3 17.Qa3 Bc4 18.Rhe1 Rfe8 19.Re4 Bd4 20.Be5 Rac8 21.
Qa4 Bxe5 22.Rxe5 Qxc7 23.f4 Be6 24.Rxd3 c4 25.Rde3 Red8 26.Qc2 Rd7 27.Qe2 
Rcd8 28.g4 Rd2 29.Qxd2 Rxd2 30.Kxd2 Bxg4 31.Ke1 e6 32.Ne4 Kg7 33.Nd2 Bf5 
34.Rc3 Bd3 35.Nxc4 Bxc4 36.Re4 Qb6 37.Rcxc4 Qxb2 38.Re2 Qb1+ 39.Kf2 Qh1 
40.Kg3 Qg1+ 41.Kf3 Qf1+ 42.Ke3 Qh3+ 43.Kd2 Qa3 44.Ke1 h5 45.Kf2 Qh3 46.Ke1
Qh4+ 47.Rf2 g5 48.Re4 g4 49.Re5 Qh3 50.Ke2 h4 51.Rg5+ Kf6 52.Rg8 Ke7 53.
Rh8 a6 54.a4 Kf6 55.Rh7 Kg6 56.Rh8 Kg7 57.Rh5 f6 58.f5 g3 59.Rf4 Qxh2+ 60.
Kd3 exf5 61.Rfxh4 Qxh4 0-1

[Event "2nd VAM op"]
[Site "Hoogeveen NED"]
[Date "1998.10.22"]
[Round "7.18"]
[White "Visser, Yge"]
[Black "Mikhalevski, Victor"]
[Result "0-1"]
[WhiteElo "2370"]
[BlackElo "2540"]
[EventDate "1998.10.16"]
[PlyCount "80"]

1.e4 e5 2.Nf3 Nc6 3.Bb5 a6 4.Ba4 Nf6 5.d4 exd4 6.O-O Be7 7.Re1 b5 8.Bb3 d6
9.Bd5 Nxd5 10.exd5 Ne5 11.Nxd4 Bd7 12.a4 b4 13.Bf4 O-O 14.Nd2 Bf6 15.Ne4 
Nc4 16.b3 Nb6 17.c4 bxc3 18.Nxc3 Rb8 19.Rc1 Re8 20.Rxe8+ Qxe8 21.Qd3 Nc8 
22.Ne4 Bxd4 23.Qxd4 Rxb3 24.Re1 Qf8 25.h3 f6 26.Rc1 Rb7 27.Rc3 Ne7 28.Rg3 
Nf5 29.Nxf6+ Kf7 30.Qd3 gxf6 31.Rf3 Qg7 32.Bd2 Nh4 33.Rg3 Ng6 34.Bc3 Qh6 
35.Qf3 Qf4 36.Qh5 Kg7 37.Qe2 Rb1+ 38.Kh2 Kf7 39.Qh5 Kg7 40.Qe2 Kg8 0-1

[Event "2nd VAM op"]
[Site "Hoogeveen NED"]
[Date "1998.10.22"]
[Round "7.19"]
[White "Dgebuadze, Alexandre"]
[Black "Gausel, Einar"]
[Result "1/2-1/2"]
[WhiteElo "2505"]
[BlackElo "2540"]
[EventDate "1998.10.16"]
[PlyCount "114"]

1.e4 e6 2.d4 d5 3.exd5 exd5 4.Nf3 Nf6 5.Bd3 Be7 6.O-O O-O 7.h3 c5 8.dxc5 
Bxc5 9.Nbd2 Nc6 10.Nb3 Bb6 11.Re1 Ne4 12.Be3 Bf5 13.Nbd4 Nxd4 14.Nxd4 Bg6 
15.Qf3 Qh4 16.Nf5 Bxf5 17.Bxb6 Bxh3 18.Bxe4 dxe4 19.Rxe4 Qg5 20.Bxa7 Be6 
21.Be3 Qg6 22.c4 b5 23.Re5 Bxc4 24.Rg5 Qe6 25.Qg3 g6 26.Re5 Qd7 27.Bh6 f6 
28.Bxf8 fxe5 29.Bh6 Qf5 30.b3 Bf7 31.a4 bxa4 32.bxa4 Rd8 33.a5 Qh5 34.Qe3 
Rd1+ 35.Rxd1 Qxd1+ 36.Kh2 Qd4 37.Qg3 Bc4 38.Qh3 Qd6 39.a6 Bd5 40.a7 Kf7 
41.Be3 h5 42.Qg3 Qf6 43.f3 Ba8 44.Qe1 g5 45.Qd1 g4 46.Qd7+ Kg8 47.Qe8+ Qf8
48.Qxe5 gxf3 49.Bc5 Qg7 50.Qe8+ Kh7 51.Qxh5+ Qh6 52.Qxh6+ Kxh6 53.g3 Kg5 
54.Kg1 Kg4 55.Kf2 Bc6 56.Bb4 Kf5 57.Ke3 Ke6 1/2-1/2

[Event "2nd VAM op"]
[Site "Hoogeveen NED"]
[Date "1998.10.22"]
[Round "7.20"]
[White "Erwich, Frans"]
[Black "Jonkman, Harmen"]
[Result "1/2-1/2"]
[WhiteElo "2105"]
[BlackElo "2310"]
[EventDate "1998.10.16"]
[PlyCount "58"]

1.e4 e5 2.Nf3 Nc6 3.d4 exd4 4.Bc4 Nf6 5.e5 d5 6.Bb5 Ne4 7.Nxd4 Bd7 8.Bxc6 
bxc6 9.O-O Bc5 10.f3 Ng5 11.Be3 O-O 12.f4 Ne4 13.Nd2 f6 14.Nxe4 dxe4 15.
Qe2 Kh8 16.Qc4 Bb6 17.Kh1 fxe5 18.fxe5 Qe7 19.Bf4 Bxd4 20.Qxd4 Bf5 21.Be3 
Qe6 22.b3 Rfd8 23.Qc3 Rd5 24.Rad1 Qd7 25.Rxd5 cxd5 26.Qb4 c6 27.Bd4 Kg8 
28.Qc5 h6 29.a4 Bg4 1/2-1/2

[Event "2nd VAM op"]
[Site "Hoogeveen NED"]
[Date "1998.10.23"]
[Round "8.1"]
[White "Ernst, Sipke"]
[Black "Visser, Yge"]
[Result "1-0"]
[WhiteElo "2420"]
[BlackElo "2370"]
[EventDate "1998.10.16"]
[PlyCount "73"]

1.Nf3 Nf6 2.c4 g6 3.b3 Bg7 4.Bb2 O-O 5.g3 d6 6.d4 e5 7.dxe5 Nfd7 8.Bg2 
dxe5 9.Nc3 Re8 10.O-O e4 11.Nd4 f5 12.Qd2 Ne5 13.Rad1 c6 14.Qc1 Qe7 15.Nc2
Na6 16.Na4 Be6 17.Ba3 Qf7 18.Nc5 Nxc5 19.Bxc5 b6 20.Bd6 c5 21.f3 exf3 22.
exf3 f4 23.gxf4 Nc6 24.Be5 Bf5 25.Ne3 Nd4 26.Kh1 Rad8 27.Nd5 Bxe5 28.fxe5 
Rxe5 29.Qg5 Rf8 30.f4 Re2 31.Rde1 Qe6 32.Qh4 Be4 33.Rxe2 Nxe2 34.Re1 Bxg2+
35.Kxg2 Rxf4 36.Nxf4 Nxf4+ 37.Kf3 1-0

[Event "2nd VAM op"]
[Site "Hoogeveen NED"]
[Date "1998.10.23"]
[Round "8.2"]
[White "Rantanen, Yrjo"]
[Black "Erwich, Frans"]
[Result "0-1"]
[WhiteElo "2360"]
[BlackElo "2105"]
[EventDate "1998.10.16"]
[PlyCount "144"]

1.d4 Nf6 2.c4 c5 3.e3 cxd4 4.exd4 d5 5.Nc3 g6 6.cxd5 Nxd5 7.Qb3 Nxc3 8.Bc4
e6 9.bxc3 Be7 10.Nf3 O-O 11.h4 h5 12.Ng5 Nc6 13.Qc2 Kg7 14.Qe4 Qc7 15.Qe3 
Bxg5 16.hxg5 Ne7 17.Bb3 Nd5 18.Bxd5 exd5 19.Ba3 Re8 20.Qxe8 Qxc3+ 21.Kf1 
Qxa1+ 22.Qe1 Qxa2 23.Be7 Bf5 24.Qe5+ Kg8 25.Kg1 Re8 26.f3 Qa6 27.Kf2 Qe6 
28.Re1 Qd7 29.Qf6 Be6 30.Bb4 Qa4 31.Bd2 Qc2 32.Re2 Qf5 33.Qxf5 gxf5 34.Bf4
Rc8 35.Be5 Kh7 36.Bf6 Rc7 37.Be5 Rc6 38.Rb2 b6 39.Bb8 a6 40.Ba7 b5 41.Bc5 
f4 42.Rb3 Kg6 43.Rb2 Kxg5 44.Rb1 Bf5 45.Rb3 Kg6 46.Ra3 Kf6 47.Ke1 Ke6 48.
Kd2 Kd7 49.Kc3 Kc7 50.Kb4 Rg6 51.Ra2 Bd3 52.Ra1 Kb7 53.Re1 Re6 54.Rh1 Bg6 
55.Rh4 Re2 56.Rxf4 Rxg2 57.Rf6 h4 58.Rb6+ Kc7 59.Rxa6 h3 60.Bd6+ Kd7 61.
Be5 h2 62.Ra1 Bh5 63.Rh1 Bxf3 64.Rxh2 Rxh2 65.Bxh2 Be2 66.Kc3 Ke6 67.Bg3 
Bc4 68.Bh4 Kf5 69.Be7 Ke4 70.Bf6 Ke3 71.Bg5+ Ke2 72.Bf6 Kd1 0-1

[Event "2nd VAM op"]
[Site "Hoogeveen NED"]
[Date "1998.10.23"]
[Round "8.3"]
[White "Van Engen, Herman J"]
[Black "De Blecourt, Sandra"]
[Result "1-0"]
[WhiteElo "2135"]
[BlackElo "2040"]
[EventDate "1998.10.16"]
[PlyCount "95"]

1.e4 e6 2.d4 d5 3.Nc3 Bb4 4.e5 c5 5.a3 Bxc3+ 6.bxc3 Qc7 7.Nf3 Ne7 8.a4 b6 
9.Bb5+ Bd7 10.Bd3 Nbc6 11.O-O f5 12.exf6 gxf6 13.Nh4 cxd4 14.Qh5+ Kd8 15.
cxd4 a6 16.Qf7 Kc8 17.Qxf6 Kb7 18.Bh6 Ng6 19.Nf3 Rhg8 20.Rfe1 Rae8 21.Kf1 
e5 22.dxe5 Re6 23.Qf7 Rge8 24.Bxg6 R8e7 25.Qf4 Rxg6 26.h3 Bxh3 27.gxh3 Rf7
28.Qe3 d4 29.Qe4 Rxh6 30.Nxd4 Ka7 31.e6 Rxf2+ 32.Kxf2 Nxd4 33.Qxd4 Qh2+ 
34.Kf1 Qxh3+ 35.Ke2 Rxe6+ 36.Kd1 Qf3+ 37.Kd2 Qg2+ 38.Kd3 Qf3+ 39.Re3 Qf5+ 
40.Kd2 Qf2+ 41.Kd3 Qf5+ 42.Kc3 Rc6+ 43.Kb4 a5+ 44.Ka3 Qxc2 45.Rae1 h5 46.
Rb3 Qh7 47.Qd8 Rc7 48.Re8 1-0

[Event "2nd VAM op"]
[Site "Hoogeveen NED"]
[Date "1998.10.23"]
[Round "8.4"]
[White "Van der Veen, Jan"]
[Black "Olkinuora, Hannu"]
[Result "1-0"]
[WhiteElo "2105"]
[BlackElo "2030"]
[EventDate "1998.10.16"]
[PlyCount "53"]

1.e4 d5 2.exd5 Nf6 3.d4 Nxd5 4.Nf3 Bg4 5.h3 Bh5 6.g4 Bg6 7.Bg2 e6 8.Ne5 
Be7 9.c4 Nc6 10.cxd5 exd5 11.Nc3 Nxe5 12.dxe5 c6 13.Bf4 h5 14.Qe2 Qd7 15.
O-O-O a5 16.Bg3 a4 17.f4 h4 18.Bf2 O-O 19.f5 Bh7 20.Be3 Qc7 21.Bf4 a3 22.
b3 Bb4 23.Qc2 Ra5 24.Nxd5 cxd5 25.Qxc7 Rc5+ 26.Qxc5 Bxc5 27.Rxd5 1-0

[Event "2nd VAM op"]
[Site "Hoogeveen NED"]
[Date "1998.10.23"]
[Round "8.5"]
[White "Mikhalevski, Victor"]
[Black "Dgebuadze, Alexandre"]
[Result "1-0"]
[WhiteElo "2540"]
[BlackElo "2505"]
[EventDate "1998.10.16"]
[PlyCount "81"]

1.d4 e6 2.c4 d5 3.Nf3 Nf6 4.Nc3 c6 5.Bg5 Nbd7 6.e3 Qa5 7.Nd2 Bb4 8.Qc2 b6 
9.Rc1 dxc4 10.Bxf6 Nxf6 11.Nxc4 Qd5 12.Ne5 Bb7 13.a3 Bxc3+ 14.Qxc3 O-O 15.
f3 Rfc8 16.b4 a5 17.Bc4 Qd6 18.Nd3 axb4 19.axb4 Nd7 20.Rd1 Qe7 21.O-O c5 
22.dxc5 bxc5 23.b5 Nb6 24.Nb2 Nd5 25.Qb3 Qg5 26.Rd3 h5 27.Nd1 Ra1 28.Qb2 
Rca8 29.Bxd5 Bxd5 30.Qc3 c4 31.Rd2 f5 32.Qd4 R1a2 33.Nc3 Rxd2 34.Qxd2 Qd8 
35.Qd4 Qf6 36.Qd2 Qf7 37.Rd1 Qb7 38.Qd4 Re8 39.e4 fxe4 40.fxe4 Rf8 41.exd5
1-0

[Event "2nd VAM op"]
[Site "Hoogeveen NED"]
[Date "1998.10.23"]
[Round "8.6"]
[White "Pel, Bonno"]
[Black "Azadmanesh, Moosa"]
[Result "0-1"]
[WhiteElo "2175"]
[BlackElo "2150"]
[EventDate "1998.10.16"]
[PlyCount "81"]

1.Nc3 c5 2.Nf3 Nc6 3.d4 cxd4 4.Nxd4 Nf6 5.g3 d5 6.Bg5 e6 7.Bg2 Be7 8.O-O 
h6 9.Bf4 O-O 10.e4 Qb6 11.Be3 Qxb2 12.exd5 exd5 13.Nxd5 Nxd5 14.Bxd5 Nb4 
15.Rb1 Qa3 16.Be4 Qa5 17.a3 Nd5 18.Qh5 f5 19.Rb5 Nf6 20.Nxf5 Bxf5 21.Qxf5 
Qxa3 22.Qe6+ Kh8 23.Bd3 b6 24.Qh3 Bc5 25.Bc1 Qa4 26.Bb2 Qg4 27.Qg2 Qe6 28.
h3 Qd5 29.Qxd5 Nxd5 30.Be4 Rad8 31.c4 Nf6 32.Bf3 Rd3 33.Kg2 a6 34.Rxc5 
bxc5 35.Ra1 Nd7 36.Bg4 Rd2 37.Bxd7 Rdxf2+ 38.Kg1 Rxb2 39.Rxa6 Rd8 40.Ra7 
Rc2 41.Bg4 0-1

[Event "2nd VAM op"]
[Site "Hoogeveen NED"]
[Date "1998.10.23"]
[Round "8.7"]
[White "Tindall, Brett"]
[Black "Remmel, Tim"]
[Result "1-0"]
[WhiteElo "2275"]
[BlackElo "2235"]
[EventDate "1998.10.16"]
[PlyCount "55"]

1.e4 c5 2.Nf3 Nc6 3.d4 cxd4 4.Nxd4 g6 5.Nc3 Bg7 6.Be3 Nf6 7.Bc4 O-O 8.Bb3 
Ng4 9.Qxg4 Nxd4 10.Qd1 Nxb3 11.axb3 b6 12.Bd4 Bb7 13.Bxg7 Kxg7 14.Qd4+ Kg8
15.h4 Qc7 16.O-O-O d6 17.h5 Qc5 18.Qd2 Qe5 19.f4 Qf6 20.Rh3 b5 21.Rdh1 b4 
22.Nd5 Bxd5 23.exd5 Rac8 24.hxg6 Qxg6 25.Rh6 Qg7 26.Qxb4 Qxg2 27.c4 Qg7 
28.Qd2 1-0

[Event "2nd VAM op"]
[Site "Hoogeveen NED"]
[Date "1998.10.23"]
[Round "8.10"]
[White "Hofman, Ron"]
[Black "De Pender, Paul"]
[Result "1/2-1/2"]
[WhiteElo "2195"]
[BlackElo "2175"]
[EventDate "1998.10.16"]
[PlyCount "41"]

1.d4 Nf6 2.c4 g6 3.Nc3 Bg7 4.Nf3 O-O 5.e3 d6 6.Be2 Nbd7 7.O-O c6 8.b4 e5 
9.a4 Re8 10.Ba3 exd4 11.exd4 d5 12.cxd5 Nxd5 13.Nxd5 cxd5 14.Re1 Nf6 15.
Ne5 Ne4 16.Bb5 Bxe5 17.dxe5 Nc3 18.Qd3 Nxb5 19.Qxb5 a6 20.Qd3 Be6 21.Rac1 
1/2-1/2

[Event "2nd VAM op"]
[Site "Hoogeveen NED"]
[Date "1998.10.23"]
[Round "8.11"]
[White "De Jong, Migchiel"]
[Black "Jonitz, Jens"]
[Result "1/2-1/2"]
[WhiteElo "2280"]
[BlackElo "2160"]
[EventDate "1998.10.16"]
[PlyCount "30"]

1.e4 c5 2.Nf3 d6 3.c3 Nf6 4.Be2 Nbd7 5.d3 b6 6.O-O Bb7 7.Nbd2 g6 8.d4 Nxe4
9.Nxe4 Bxe4 10.Ng5 Bc6 11.Bf3 Bxf3 12.Qxf3 Nf6 13.Qc6+ Nd7 14.Qf3 Nf6 15.
Qc6+ Nd7 1/2-1/2

[Event "2nd VAM op"]
[Site "Hoogeveen NED"]
[Date "1998.10.23"]
[Round "8.12"]
[White "Timmermans, Ivo"]
[Black "Bosch, Jeroen"]
[Result "0-1"]
[WhiteElo "2225"]
[BlackElo "2480"]
[EventDate "1998.10.16"]
[PlyCount "92"]

1.e4 c5 2.Nf3 d6 3.d4 cxd4 4.Nxd4 Nf6 5.Nc3 Bd7 6.Bg5 e6 7.Qd2 a6 8.O-O-O 
h6 9.Bxf6 Qxf6 10.f4 Nc6 11.Nf3 O-O-O 12.Kb1 Be8 13.Qe3 Qe7 14.h4 g6 15.g3
Kb8 16.Rh2 Qc7 17.Rhd2 Bg7 18.Ne2 Ne7 19.c4 Qxc4 20.Rc2 Qb4 21.Rd3 Ba4 22.
b3 Bb5 23.Rd1 Rc8 24.Ned4 Bxf1 25.Rxf1 Rxc2 26.Nxc2 Qa5 27.Rd1 Rd8 28.Rd3 
Nc6 29.Nd2 b5 30.Nf3 Kb7 31.Nfd4 Nxd4 32.Nxd4 Qb6 33.Qd2 Rc8 34.Nf3 Qc6 
35.e5 d5 36.Nd4 Qc7 37.Ne2 Bf8 38.Rc3 Qa5 39.Qc2 Rxc3 40.Nxc3 Ba3 41.Qd3 
h5 42.Kc2 Qc7 43.Kd1 Qc5 44.Ke2 Bb4 45.Nd1 Qg1 46.Nc3 Qa1 0-1

[Event "2nd VAM op"]
[Site "Hoogeveen NED"]
[Date "1998.10.23"]
[Round "8.13"]
[White "Hartoch, Robert G"]
[Black "Van Beek, Lucien"]
[Result "1/2-1/2"]
[WhiteElo "2315"]
[BlackElo "2315"]
[EventDate "1998.10.16"]
[PlyCount "45"]

1.Nf3 Nf6 2.g3 d5 3.Bg2 g6 4.b3 Bg7 5.Bb2 O-O 6.c4 dxc4 7.bxc4 c5 8.O-O 
Nc6 9.Ne5 Nxe5 10.Bxe5 Ne8 11.Bxg7 Kxg7 12.Nc3 Nd6 13.d3 Qa5 14.Qc2 Bd7 
15.Rab1 Rab8 16.Rb2 Rfc8 17.Rfb1 Bc6 18.Bxc6 Rxc6 19.Nb5 b6 20.Rb3 Nxb5 
21.Rxb5 Qa3 22.Kf1 Rd8 23.Qb2+ 1/2-1/2

[Event "2nd VAM op"]
[Site "Hoogeveen NED"]
[Date "1998.10.23"]
[Round "8.17"]
[White "Wunnink, Michael"]
[Black "Porrasmaa, Timo"]
[Result "1-0"]
[WhiteElo "2105"]
[BlackElo "2095"]
[EventDate "1998.10.16"]
[PlyCount "85"]

1.Nf3 c5 2.c4 g6 3.d4 cxd4 4.Nxd4 Bg7 5.Nc3 Nc6 6.Nc2 Nf6 7.g3 d6 8.Bg2 
Be6 9.Nd5 O-O 10.O-O Rc8 11.Rb1 Na5 12.b3 b5 13.Nxf6+ Bxf6 14.cxb5 Qb6 15.
Be3 Qxb5 16.Bxa7 Nc6 17.a4 Qa6 18.Bd4 Nxd4 19.Nxd4 Bd7 20.e3 Rc3 21.Qd2 
Rfc8 22.Bd5 Bxd4 23.Qxd4 e5 24.Qb4 Bh3 25.Rfe1 Rc2 26.Bb7 Rb8 27.Bxa6 Rxb4
28.Bc4 Be6 29.Bxe6 fxe6 30.Red1 d5 31.Kg2 Rc3 32.Ra1 Rbxb3 33.a5 Rb7 34.a6
Ra7 35.Rdb1 Rc6 36.Rb8+ Kf7 37.Rb7+ Rxb7 38.axb7 Rb6 39.Ra7 Kf6 40.h4 h5 
41.Kf3 Kf5 42.b8=Q Rxb8 43.Rf7# 1-0

[Event "2nd VAM op"]
[Site "Hoogeveen NED"]
[Date "1998.10.23"]
[Round "8.18"]
[White "Westerinen, Heikki"]
[Black "Ligterink, Gert"]
[Result "1/2-1/2"]
[WhiteElo "2435"]
[BlackElo "2425"]
[EventDate "1998.10.16"]
[PlyCount "27"]

1.e4 c5 2.Nf3 e6 3.Nc3 d6 4.g3 Nc6 5.Bg2 Nf6 6.O-O Be7 7.d3 O-O 8.h3 Rb8 
9.a4 a6 10.Bf4 e5 11.Bd2 b5 12.axb5 axb5 13.Nh4 Nd4 14.Ne2 1/2-1/2

[Event "2nd VAM op"]
[Site "Hoogeveen NED"]
[Date "1998.10.23"]
[Round "8.20"]
[White "Jonkman, Harmen"]
[Black "Garcia, Gildardo"]
[Result "0-1"]
[WhiteElo "2310"]
[BlackElo "2510"]
[EventDate "1998.10.16"]
[PlyCount "42"]

1.e4 e5 2.f4 Bc5 3.Nf3 d6 4.Nc3 Nc6 5.Bb5 Bg4 6.d3 Ne7 7.Na4 O-O 8.c3 exf4
9.Bxf4 f5 10.Qb3+ Kh8 11.Ng5 Ng6 12.Ne6 Qh4+ 13.g3 Qh3 14.d4 Qg2 15.Rf1 
Rae8 16.Rf2 Qxe4+ 17.Kd2 Na5 18.Qc2 Qxe6 19.dxc5 Nxf4 20.Bxe8 Nc4+ 21.Kc1 
Qe1+ 0-1

[Event "2nd VAM op"]
[Site "Hoogeveen NED"]
[Date "1998.10.24"]
[Round "9.3"]
[White "De Pender, Paul"]
[Black "Rantanen, Yrjo"]
[Result "0-1"]
[WhiteElo "2175"]
[BlackElo "2360"]
[EventDate "1998.10.16"]
[PlyCount "84"]

1.e4 c5 2.Nf3 d6 3.d4 cxd4 4.Nxd4 Nf6 5.Nc3 g6 6.f3 Bg7 7.Be3 O-O 8.Qd2 d5
9.e5 Nfd7 10.f4 Nb6 11.O-O-O Bg4 12.Nf3 e6 13.Bc5 Bxf3 14.gxf3 Nc6 15.Bxf8
Qxf8 16.Kb1 Bh6 17.Re1 Qb4 18.a3 Qxf4 19.Qxf4 Bxf4 20.Ne2 Bxe5 21.f4 Bf6 
22.Nc1 Rc8 23.Nd3 Nc4 24.Be2 a5 25.c3 b5 26.Ne5 Bxe5 27.Bxc4 bxc4 28.fxe5 
a4 29.Rhf1 Na5 30.Re3 Rb8 31.Kc2 Nb3 32.Rf2 Nc5 33.Rg2 Rb7 34.h4 h6 35.Rg4
h5 36.Rf4 Kg7 37.Ref3 Rc7 38.Rg3 Nd3 39.Rxd3 cxd3+ 40.Kxd3 Rc4 41.Ke3 Rxf4
42.Kxf4 f6 0-1

[Event "2nd VAM op"]
[Site "Hoogeveen NED"]
[Date "1998.10.24"]
[Round "9.4"]
[White "Jonitz, Jens"]
[Black "Westerinen, Heikki"]
[Result "1/2-1/2"]
[WhiteElo "2160"]
[BlackElo "2435"]
[EventDate "1998.10.16"]
[PlyCount "20"]

1.e4 e6 2.d4 d5 3.Nc3 dxe4 4.Nxe4 Bd7 5.Nf3 Bc6 6.Bd3 Nd7 7.O-O Ngf6 8.
Nxf6+ Qxf6 9.Be2 h6 10.b3 Bd6 1/2-1/2

[Event "2nd VAM op"]
[Site "Hoogeveen NED"]
[Date "1998.10.24"]
[Round "9.5"]
[White "Remmel, Tim"]
[Black "Van der Veen, Jan"]
[Result "1/2-1/2"]
[WhiteElo "2235"]
[BlackElo "2105"]
[EventDate "1998.10.16"]
[PlyCount "73"]

1.c4 Nf6 2.Nc3 g6 3.g3 Bg7 4.Bg2 O-O 5.e4 d6 6.Nge2 c5 7.O-O Nc6 8.d3 Ne8 
9.Be3 Nd4 10.h3 Nc7 11.f4 f5 12.Kh2 Rb8 13.a4 a6 14.a5 Nce6 15.Nd5 Bd7 16.
Nec3 Nc6 17.Nb6 Be8 18.exf5 gxf5 19.Bd5 Bf7 20.Qa4 Ned4 21.Rae1 e6 22.Bg2 
Be8 23.Rf2 Nxa5 24.Qxa5 Nb3 25.Qa3 Qxb6 26.Rfe2 Qb4 27.Qxb4 cxb4 28.Na2 a5
29.Bb6 Nd4 30.Rd2 Rf7 31.Bxd4 Bxd4 32.Rxe6 Bc6 33.Rxd6 Bc5 34.Bxc6 Bxd6 
35.Bd5 b3 36.Nc3 Bb4 37.Re2 1/2-1/2

[Event "2nd VAM op"]
[Site "Hoogeveen NED"]
[Date "1998.10.24"]
[Round "9.6"]
[White "Pel, Bonno"]
[Black "Hendriks, Richard V"]
[Result "0-1"]
[WhiteElo "2175"]
[BlackElo "2080"]
[EventDate "1998.10.16"]
[PlyCount "86"]

1.Nc3 c5 2.Nf3 Nc6 3.d4 cxd4 4.Nxd4 Nf6 5.g3 d5 6.Bg5 a6 7.Bg2 e5 8.Nb3 d4
9.Nd5 Nb4 10.Nxb4 Bxb4+ 11.Bd2 Qb6 12.O-O O-O 13.c3 dxc3 14.bxc3 Be7 15.c4
Qe6 16.Qc2 Qg4 17.Rfe1 Qh5 18.c5 Bf5 19.Qb2 e4 20.Rac1 e3 21.Bxe3 Ng4 22.
h4 Nxe3 23.fxe3 Bf6 24.Nd4 Rae8 25.Qxb7 Re7 26.Qf3 Bg4 27.Qf2 Rfe8 28.e4 
Rc7 29.Nf5 Bxf5 30.exf5 Qg4 31.c6 Be5 32.Red1 Bxg3 33.Qf3 Qxh4 34.Rd7 Rcc8
35.Qd5 Rf8 36.Rc4 Qh5 37.Re4 Qh6 38.Qd3 Qc1+ 39.Qd1 Qxc6 40.Rg4 Qc5+ 41.
Kh1 Qe3 42.Rd2 Rc5 43.Bh3 Bf4 0-1

[Event "2nd VAM op"]
[Site "Hoogeveen NED"]
[Date "1998.10.24"]
[Round "9.8"]
[White "Olkinuora, Hannu"]
[Black "De Blecourt, Sandra"]
[Result "0-1"]
[WhiteElo "2030"]
[BlackElo "2040"]
[EventDate "1998.10.16"]
[PlyCount "92"]

1.e4 e6 2.d4 d5 3.Nd2 Nf6 4.Bd3 c5 5.c3 Nc6 6.e5 Nd7 7.Ne2 cxd4 8.cxd4 f6 
9.Nf4 Nxd4 10.Qh5+ Ke7 11.Ng6+ hxg6 12.exf6+ Nxf6 13.Qxh8 Kf7 14.Kf1 e5 
15.Nf3 Nxf3 16.gxf3 Be6 17.Rg1 e4 18.fxe4 dxe4 19.Be2 Qd7 20.Rg3 Rc8 21.
Bf4 Bc5 22.Qh4 Qd4 23.Rc3 Rh8 24.Qg3 Rh3 25.Be5 Rxg3 26.Bxd4 Bh3+ 27.Ke1 
Rg1+ 28.Kd2 e3+ 29.fxe3 Rxa1 30.Rxc5 Ne4+ 31.Kd3 Nxc5+ 32.Bxc5 b6 33.Ba3 
Bf5+ 34.e4 Be6 35.Kc3 Re1 36.Bd3 Rh1 37.Bd6 Rc1+ 38.Kb4 Bxa2 39.e5 Be6 40.
Kb5 Rh1 41.Bb8 Rxh2 42.b4 a5 43.bxa5 Rb2+ 44.Ka4 Ra2+ 45.Kb5 bxa5 46.Bd6 
a4 0-1

[Event "2nd VAM op"]
[Site "Hoogeveen NED"]
[Date "1998.10.24"]
[Round "9.9"]
[White "Klenburg, Mikhail"]
[Black "Tindall, Brett"]
[Result "1-0"]
[WhiteElo "2330"]
[BlackElo "2275"]
[EventDate "1998.10.16"]
[PlyCount "63"]

1.e4 c5 2.d3 Nc6 3.g3 g6 4.Bg2 Bg7 5.f4 d6 6.Nf3 e5 7.c3 Nge7 8.O-O exf4 
9.gxf4 f5 10.Na3 O-O 11.Qb3+ d5 12.exd5 Qxd5 13.Nc4 Kh8 14.Ng5 Qd7 15.Re1 
Rb8 16.Ne6 Qxe6 17.Rxe6 Bxe6 18.Qc2 b5 19.Ne3 Rfd8 20.Nd1 Rd7 21.Nf2 b4 
22.Bd2 Nd5 23.Re1 Bf7 24.Qc1 bxc3 25.bxc3 Rb6 26.Qa3 Re7 27.Rxe7 Ncxe7 28.
Bf3 g5 29.Qxa7 Rb1+ 30.Nd1 g4 31.Be2 Ng6 32.Qxf7 1-0